| 000 | 00445nam a2200145 a 4500 | ||
|---|---|---|---|
| 001 | 000034321 | ||
| 005 | 20200930073634.0 | ||
| 008 | 111003s1949 dr 000 0 spa d | ||
| 040 |
_aDO-SdBNP _bspa _cBNPHU |
||
| 082 |
_axxx _bG626o |
||
| 100 | 1 |
_aGolibart Gonzalez, Porfirio _958752 |
|
| 245 | 1 | 0 |
_aOro de mis canciones / _cPorfirio Golibart González. |
| 260 |
_aCiudad Trujillo, República Dominicana _eRincon _c1949. |
||
| 300 |
_a35 p. ; _c24 cm. |
||
| 999 |
_c33812 _d33812 |
||